00503 2200169 4500001002100000008004100021035002000062245006600082100002300148260004900171300001300220020002200233084001400255082000800269650004300277990001300320INLIS000000000000145 ind  a0010-0120000145 aEnglish 1bfor Junior High School Year VIIcDwi Hesti Yuliani aYuliani, Dwi Hesti aJakarta :bPiranti Darma Kalokatakama,c2007 a144 hlm. a978-979-737-363-4 a420 YUL e a420 aBahasa Inggris -- Studi dan Pengajaran a21900145